000 00811nam a2200253Ia 4500
003 OSt
005 20220930080728.0
006 a|||||r|||| 00| 0
007 ta
008 220926b |||||||| |||| 00| 0 eng d
024 _a94379
037 _cTheses
040 _aCRL
_cCRL
_beng
041 _2eng
_aeng
100 _aKatyal Amit
_9539768
110 _aUniversity of Delhi. Faculty of Medical Sciences. Department of Medicine
245 0 _aStudy of major infections in renal transplant recipients during first year of transplantation
260 _c2007
650 _aMEDICINE
700 _a Prof. P. P. Varma Gu.
_9539769
700 _aUniversity of Delhi. Faculty of Medical Sciences. Department of Medicine
942 _cDIS
_2CC
999 _c870362
_d870362